[Event "Gallarate Ricciardi op"]
[Site "Gallarate"]
[Date "2016.05.31"]
[Round "3"]
[White "Brioschi, Camillo"]
[Black "Bardelli, Alberto"]
[Result "1/2-1/2"]
[WhiteElo "1834"]
[BlackElo "1835"]
[PlyCount "131"]
[EventDate "2016.05.17"]
[EventType "swiss"]
[EventRounds "6"]
[EventCountry "ITA"]
[SourceTitle "EXT 2018"]
[Source "ChessBase"]
[SourceDate "2017.10.13"]
[SourceVersion "1"]
[SourceVersionDate "2017.10.13"]
[SourceQuality "1"]

1. d4 Nf6 2. c4 g6 3. Nc3 d5 4. cxd5 Nxd5 5. e4 Nxc3 6. bxc3 Bg7 7. Nf3 c5 8. Be3 Qa5 9. Qd2 Bg4 10. Rc1 Nc6 11. d5 Rd8 12. Bd3 Bxf3 13. gxf3 Ne5 14. Be2 0-0 15. c4 Qxd2+ 16. Bxd2 e6 17. f4 Nd7 18. e5 exd5 19. cxd5 Rfe8 20. Bb5 b6 21. 0-0 Re7 22. Rfe1 Nb8 23. d6 Re6 24. a4 Kf8 25. Rcd1 f6 26. Bc3 fxe5 27. fxe5 Nd7 28. Bc4 Rxe5 29. Rxe5 Nxe5 30. Bxe5 Bxe5 31. d7 Bd4 32. Bb5 Ke7 33. Re1+ Kd6 34. Re8 Kc7 35. Re7 a6 36. Bxa6 Rxd7 37. Re2 Kd6 38. Kg2 Kd5 39. Rc2 Re7 40. Bc4+ Kc6 41. h3 Re5 42. Kf3 Rf5+ 43. Kg2 Re5 44. Kg3 Re1 45. Kg2 Ra1 46. Bb5+ Kd6 47. Kf3 Ra3+ 48. Kg4 Rb3 49. h4 Rb2 50. Rxb2 Bxb2 51. Bc4 Ke5 52. f4+ Kd4 53. Bg8 h5+ 54. Kg5 c4 55. Kxg6 c3 56. Bb3 Kd3 57. Kxh5 c2 58. Bxc2+ Kxc2 59. Kg6 Kb3 60. f5 Kxa4 61. f6 Bxf6 62. Kxf6 b5 63. h5 b4 64. h6 b3 65. h7 b2 66. h8Q 1/2-1/2

[Event "Liguria Region-ch"]
[Site "Spotorno"]
[Date "2016.05.15"]
[Round "4"]
[White "Agazzi, Fulvio"]
[Black "Brioschi, Camillo"]
[Result "0-1"]
[WhiteElo "1815"]
[BlackElo "1834"]
[PlyCount "94"]
[EventDate "2016.05.13"]
[EventType "swiss"]
[EventRounds "5"]
[EventCountry "ITA"]
[SourceTitle "EXT 2018"]
[Source "ChessBase"]
[SourceDate "2017.10.13"]
[SourceVersion "1"]
[SourceVersionDate "2017.10.13"]
[SourceQuality "1"]

1. e4 e5 2. Nf3 Nf6 3. d4 Nxe4 4. Bd3 d5 5. Nxe5 Nd7 6. 0-0 Nxe5 7. dxe5 Nc5 8. Be2 Be7 9. Be3 0-0 10. c4 Be6 11. cxd5 Qxd5 12. Qxd5 Bxd5 13. Nc3 Bc6 14. Nb5 a6 15. Nd4 Bd7 16. Rac1 Rac8 17. Rfd1 Rfd8 18. Bf3 c6 19. Ne2 Be6 20. Rxd8+ Rxd8 21. Nf4 Nd3 22. Nxe6 fxe6 23. Rc2 Nxe5 24. Be2 Kf7 25. f4 Nd3 26. Rd2 Nb4 27. Rxd8 Bxd8 28. a3 Nd5 29. Bd2 c5 30. Kf2 b5 31. Bd3 c4 32. Be4 Bf6 33. Bc1 a5 34. f5 h6 35. g3 c3 36. bxc3 Nxc3 37. fxe6+ Kxe6 38. Bc6 Kd6 39. Be8 Kc5 40. Bf7 Nd5 41. Bd2 a4 42. Ke2 Bb2 43. Bxd5 Kxd5 44. Bb4 Kc4 45. g4 Kb3 46. Bf8 Bxa3 47. Bxg7 Bb2 0-1

[Event "Liguria Region-ch"]
[Site "Spotorno"]
[Date "2016.05.15"]
[Round "5"]
[White "Brioschi, Camillo"]
[Black "Cotugno, Michele"]
[Result "1-0"]
[WhiteElo "1834"]
[BlackElo "1754"]
[PlyCount "74"]
[EventDate "2016.05.13"]
[EventType "swiss"]
[EventRounds "5"]
[EventCountry "ITA"]
[SourceTitle "EXT 2018"]
[Source "ChessBase"]
[SourceDate "2017.10.13"]
[SourceVersion "1"]
[SourceVersionDate "2017.10.13"]
[SourceQuality "1"]

1. d4 c5 2. d5 e5 3. c4 d6 4. e4 Be7 5. Nf3 Nf6 6. Nc3 0-0 7. Be2 Nbd7 8. 0-0 a6 9. a4 b6 10. Ne1 Rb8 11. f4 exf4 12. Bxf4 Ne8 13. Nf3 Bf6 14. Qd2 Qe7 15. Bd3 Be5 16. Rae1 Bxf4 17. Qxf4 Ne5 18. Nxe5 Qxe5 19. Re2 Rb7 20. Qe3 Nf6 21. Qf4 Qd4+ 22. Qe3 Qxe3+ 23. Rxe3 Ng4 24. Rg3 Re7 25. Be2 Ne5 26. b3 Bd7 27. Nd1 a5 28. Ne3 g6 29. Rf6 Kg7 30. Rxd6 Rb8 31. Nf5+ Bxf5 32. exf5 f6 33. Re6 Rxe6 34. fxe6 Kf8 35. Rh3 Kg7 36. Kf2 Re8 37. Re3 g5 1-0

[Event "Ricciardi op 19th"]
[Site "Gallarate"]
[Date "2015.05.19"]
[Round "1"]
[White "Brioschi, Camillo"]
[Black "Belli, Alessandro"]
[Result "1-0"]
[WhiteElo "1790"]
[BlackElo "1511"]
[PlyCount "79"]
[EventDate "2015.05.19"]
[EventType "swiss"]
[EventRounds "6"]
[EventCountry "ITA"]
[SourceTitle "EXT 2017"]
[Source "ChessBase"]
[SourceDate "2016.10.25"]
[SourceVersion "1"]
[SourceVersionDate "2016.10.25"]
[SourceQuality "1"]

1. d4 d5 2. c4 e6 3. Nc3 Nf6 4. cxd5 exd5 5. Bg5 Be7 6. e3 0-0 7. Bd3 h6 8. Bh4 c6 9. Qc2 Nbd7 10. Nf3 a6 11. 0-0 Bd6 12. Rab1 Qc7 13. b4 b5 14. e4 dxe4 15. Nxe4 Nxe4 16. Bxe4 Nf6 17. Bxf6 gxf6 18. Qxc6 Qxc6 19. Bxc6 Ra7 20. a3 Bb7 21. Bxb7 Rxb7 22. Rbc1 Rc7 23. Rxc7 Bxc7 24. Rc1 Rc8 25. g3 Kg7 26. d5 Rd8 27. Rxc7 Rxd5 28. Rc6 Rd1+ 29. Kg2 a5 30. bxa5 Rd3 31. Rc5 Rxa3 32. Rxb5 Kf8 33. Nh4 Ke8 34. Nf5 h5 35. Ng7+ Kd7 36. Nxh5 Ke6 37. Nf4+ Kd6 38. Rb6+ Kc5 39. Rxf6 Rxa5 40. Rf5+ 1-0

[Event "Arolo di Leggiuno op 4th"]
[Site "Arolo di Leggiuno"]
[Date "2015.05.10"]
[Round "5"]
[White "Bolognese, Leonardo"]
[Black "Brioschi, Camillo"]
[Result "0-1"]
[WhiteElo "1569"]
[BlackElo "1790"]
[PlyCount "88"]
[EventDate "2015.05.08"]
[EventType "swiss"]
[EventRounds "5"]
[EventCountry "ITA"]
[SourceTitle "CBM 166 Extra"]
[Source "ChessBase"]
[SourceDate "2015.06.18"]
[SourceVersion "1"]
[SourceVersionDate "2015.06.18"]
[SourceQuality "1"]

1. d4 d5 2. c4 e6 3. Nc3 Nf6 4. Bg5 Be7 5. Nf3 0-0 6. e3 h6 7. Bh4 b6 8. Bd3 dxc4 9. Bxc4 Bb7 10. 0-0 Nbd7 11. Re1 Nd5 12. Bxe7 Qxe7 13. Nxd5 Bxd5 14. Qd3 Bxc4 15. Qxc4 c5 16. Rad1 Rac8 17. Qa6 Rc7 18. Qc4 Nf6 19. Rc1 Rfc8 20. Qd3 c4 21. Qc2 Qb4 22. Qc3 Nd5 23. Qxb4 Nxb4 24. Red1 Nxa2 25. Ra1 Nb4 26. Ne1 a5 27. Rac1 Nd3 28. Nxd3 cxd3 29. Rxc7 Rxc7 30. g3 Rc2 31. Rxd3 Rxb2 32. d5 exd5 33. Rxd5 Rb1+ 34. Kg2 b5 35. Rd8+ Kh7 36. Ra8 a4 37. Ra5 Rb3 38. e4 a3 39. Kh3 b4 40. f4 Rb2 41. e5 a2 42. f5 b3 43. e6 fxe6 44. fxe6 Re2 0-1

[Event "Robecchetto op-B 25th"]
[Site "Robecchetto"]
[Date "2014.12.29"]
[Round "6"]
[White "Brioschi, Camillo"]
[Black "Longo, Giovanni"]
[Result "0-1"]
[WhiteElo "1842"]
[BlackElo "1662"]
[PlyCount "100"]
[EventDate "2014.12.26"]
[EventType "swiss"]
[EventRounds "6"]
[EventCountry "ITA"]
[SourceTitle "EXT 2017"]
[Source "ChessBase"]
[SourceDate "2016.10.25"]
[SourceVersion "1"]
[SourceVersionDate "2016.10.25"]
[SourceQuality "1"]

1. d4 d5 2. c4 c6 3. Nf3 Nf6 4. e3 e6 5. cxd5 exd5 6. Nc3 Bb4 7. Bd2 0-0 8. a3 Bd6 9. Bd3 Bg4 10. h3 Bh5 11. b4 a6 12. Qc2 Nbd7 13. Na4 Re8 14. Nc5 Qc7 15. a4 Nf8 16. Nh4 Bg6 17. Nxg6 Nxg6 18. 0-0 Nf8 19. Rfe1 Ne6 20. Nxe6 fxe6 21. g4 Bg3 22. Re2 Bh4 23. f4 h6 24. Be1 Bxe1 25. Raxe1 Qe7 26. Rb1 Nd7 27. e4 Qh4 28. Kg2 Nf6 29. e5 Nxg4 30. hxg4 Qxg4+ 31. Kf1 Qxf4+ 32. Rf2 Qxd4 33. Qd2 Qxe5 34. Re1 Qd6 35. Rg2 Rf8+ 36. Kg1 Rf6 37. Re3 Raf8 38. Reg3 R8f7 39. Rg6 Qf4 40. Qe2 Rxg6 41. Rxg6 Rf6 42. Qg2 Rxg6 43. Qxg6 Qg5+ 44. Qxg5 hxg5 45. Bg6 Kf8 46. a5 Ke7 47. Kf2 Kd6 48. Ke3 c5 49. bxc5+ Kxc5 50. Kd3 g4 0-1

[Event "Robecchetto op-B 25th"]
[Site "Robecchetto"]
[Date "2014.12.27"]
[Round "2"]
[White "Brioschi, Camillo"]
[Black "Biancotti, Alessandro"]
[Result "0-1"]
[WhiteElo "1842"]
[BlackElo "1874"]
[PlyCount "96"]
[EventDate "2014.12.26"]
[EventType "swiss"]
[EventRounds "6"]
[EventCountry "ITA"]
[SourceTitle "EXT 2017"]
[Source "ChessBase"]
[SourceDate "2016.10.25"]
[SourceVersion "1"]
[SourceVersionDate "2016.10.25"]
[SourceQuality "1"]

1. d4 Nf6 2. c4 g6 3. Nc3 d5 4. Bf4 c6 5. e3 Bg7 6. Bd3 0-0 7. h3 Re8 8. Nf3 Na6 9. c5 Nc7 10. 0-0 Nd7 11. Ne5 Ne6 12. b4 Nxf4 13. exf4 Qc7 14. Qd2 f6 15. Nf3 e5 16. fxe5 fxe5 17. dxe5 Nxe5 18. Nxe5 Bxe5 19. Rae1 Qg7 20. Nd1 Bd7 21. Re2 Qf6 22. Rfe1 Bf4 23. Rxe8+ Rxe8 24. Rxe8+ Bxe8 25. Qe2 Bd7 26. g3 Be5 27. Kg2 Qe6 28. g4 Qf6 29. a4 Qf4 30. Qe3 Qxe3 31. fxe3 Be6 32. e4 dxe4 33. Bxe4 Bb3 34. Ne3 Bxa4 35. Nc4 Bc3 36. Nd6 Bxb4 37. Nxb7 Bb5 38. Nd8 Bxc5 39. Nxc6 Kf7 40. Bd5+ Kf6 41. h4 h6 42. Kf3 Bb6 43. Kf4 g5+ 44. hxg5+ hxg5+ 45. Kf3 a5 46. Nb8 Ke5 47. Bc6 Bxc6+ 48. Nxc6+ Kd6 0-1

[Event "Lugano op"]
[Site "Lugano"]
[Date "2014.11.09"]
[Round "5"]
[White "Paleologu, Vladimir"]
[Black "Brioschi, Camillo"]
[Result "1-0"]
[WhiteElo "2162"]
[BlackElo "1819"]
[PlyCount "96"]
[EventDate "2014.11.07"]
[EventType "swiss"]
[EventRounds "5"]
[EventCountry "SUI"]
[SourceTitle "EXT 2015"]
[Source "ChessBase"]
[SourceDate "2014.11.20"]
[SourceVersion "1"]
[SourceVersionDate "2014.11.20"]
[SourceQuality "1"]

1. e4 e5 2. Nf3 Nc6 3. Bc4 Nf6 4. Ng5 d5 5. exd5 b5 6. Bf1 Nd4 7. c3 Nxd5 8. Ne4 Ne6 9. Bxb5+ Bd7 10. Qa4 Nc5 11. Bxd7+ Qxd7 12. Nxc5 Bxc5 13. Qxd7+ Kxd7 14. d3 Rhe8 15. g3 e4 16. d4 Bd6 17. Be3 f5 18. Nd2 f4 19. gxf4 Nxf4 20. 0-0-0 Nh3 21. Nc4 Rf8 22. Rd2 Rf3 23. Kd1 Raf8 24. Ke1 Nf4 25. Rg1 g6 26. Bxf4 Bxf4 27. Re2 Re8 28. Rg4 g5 29. Ne5+ Bxe5 30. Rgxe4 Rh3 31. Rxe5 Rxe5 32. Rxe5 h6 33. Ra5 Rxh2 34. Rxa7 Rh1+ 35. Ke2 Rb1 36. b3 h5 37. Ra5 Rg1 38. f4 gxf4 39. Rxh5 Rg2+ 40. Kf3 Rxa2 41. Kxf4 Rb2 42. b4 Rc2 43. Rc5 Re2 44. Re5 Rc2 45. Re3 Kd6 46. Ke4 Rd2 47. c4 Rb2 48. b5 Rh2 1-0

[Event "Lesa op-B 3rd"]
[Site "Lesa"]
[Date "2014.09.20"]
[Round "3"]
[White "Brioschi, Camillo"]
[Black "Adda, Roberto"]
[Result "1/2-1/2"]
[WhiteElo "1783"]
[BlackElo "1671"]
[PlyCount "68"]
[EventDate "2014.09.19"]
[EventType "swiss"]
[EventRounds "5"]
[EventCountry "ITA"]
[SourceTitle "EXT 2016"]
[Source "ChessBase"]
[SourceDate "2015.10.08"]
[SourceVersion "1"]
[SourceVersionDate "2015.10.08"]
[SourceQuality "1"]

1. d4 d5 2. c4 e6 3. Nc3 Nf6 4. cxd5 exd5 5. Bg5 Be7 6. e3 0-0 7. Qc2 c6 8. Bd3 Nbd7 9. Nf3 Re8 10. 0-0 Nf8 11. h3 Ng6 12. a3 Be6 13. Nh4 Nxh4 14. Bxh4 h6 15. Bg3 Rc8 16. b4 Qd7 17. Na4 b6 18. Rfc1 Bd6 19. Bxd6 Qxd6 20. Nc3 Bd7 21. Qe2 Qe7 22. Qf3 Ne4 23. Ba6 Rb8 24. Bd3 Nd2 25. Qd1 Ne4 26. Nxe4 dxe4 27. Bc4 Qg5 28. Kf1 Be6 29. Be2 Bd5 30. Rc3 Re6 31. g3 Rf6 32. Kg2 Qf5 33. Qe1 h5 34. Rac1 Rc8 1/2-1/2

[Event "Gallarate Ricciardi op 18th"]
[Site "Gallarate"]
[Date "2014.05.27"]
[Round "3"]
[White "Trabucco, Ennio"]
[Black "Brioschi, Camillo"]
[Result "0-1"]
[WhiteElo "1525"]
[BlackElo "1820"]
[PlyCount "106"]
[EventDate "2014.05.13"]
[EventType "swiss"]
[EventRounds "6"]
[EventCountry "ITA"]
[SourceTitle "EXT 2024"]
[Source "ChessBase"]
[SourceDate "2023.10.10"]
[SourceVersion "1"]
[SourceVersionDate "2023.10.10"]
[SourceQuality "1"]

1. d4 d5 2. c4 c6 3. e3 Nf6 4. Nc3 Bg4 5. Qb3 Qc7 6. cxd5 e6 7. dxc6 Nxc6 8. Bb5 Be7 9. Nge2 0-0 10. Bd2 Na5 11. Qc2 Nc4 12. Bxc4 Qxc4 13. b3 Qa6 14. f3 Bh5 15. 0-0 Rac8 16. Qd1 Rfd8 17. Nf4 Bg6 18. Nxg6 hxg6 19. Rc1 Ba3 20. Rc2 Qd3 21. Bc1 Rxc3 22. Qxd3 Rxd3 23. Bxa3 Rxe3 24. Rd1 Nd5 25. Bc1 Rc3 26. Rxc3 Nxc3 27. Rd2 Kf8 28. Bb2 Nd5 29. Kf2 Ke8 30. g3 Kd7 31. Ke2 g5 32. a3 Rc8 33. Kd3 f6 34. Bc1 Rc3+ 35. Ke2 Rxb3 36. Rd3 Rb1 37. Kd2 a5 38. Kc2 Rb6 39. Bd2 a4 40. Ba5 Rc6+ 41. Kd2 b6 42. Bc3 Rc8 43. Kc2 Kc6 44. Kb2 Kb5 45. Be1 Kc6 46. Bd2 Rh8 47. f4 gxf4 48. Bxf4 Rxh2+ 49. Rd2 Rxd2+ 50. Bxd2 Kb5 51. Be1 Kc4 52. Bf2 b5 53. Kc2 Ne7 0-1

[Event "Lugano New op-B 8th"]
[Site "Lugano"]
[Date "2014.04.20"]
[Round "5.4"]
[White "Brioschi, Camillo"]
[Black "Todeschini, Gabriele"]
[Result "1/2-1/2"]
[WhiteElo "1773"]
[BlackElo "1918"]
[PlyCount "89"]
[EventDate "2014.04.18"]
[EventType "swiss"]
[EventRounds "6"]
[EventCountry "SVI"]
[SourceTitle "EXT 2024"]
[Source "ChessBase"]
[SourceDate "2023.10.10"]
[SourceVersion "1"]
[SourceVersionDate "2023.10.10"]
[SourceQuality "1"]

1. d4 Nf6 2. c4 e6 3. Nc3 Bb4 4. e3 c5 5. Nge2 cxd4 6. exd4 b6 7. Ng3 Bb7 8. Bd3 0-0 9. 0-0 Bxc3 10. bxc3 d6 11. Bg5 h6 12. Bf4 Re8 13. Nh5 e5 14. Be3 e4 15. Be2 Nbd7 16. Qd2 Nxh5 17. Bxh5 Nf6 18. Be2 d5 19. cxd5 Bxd5 20. c4 Be6 21. f3 exf3 22. Rxf3 Ne4 23. Qd3 Bg4 24. Rf4 Bxe2 25. Qxe2 Qe7 26. Re1 Qb4 27. Ref1 Ng5 28. Qd3 Qe7 29. Bd2 Qe2 30. Qxe2 Rxe2 31. R1f2 Rae8 32. Kf1 Rxf2+ 33. Rxf2 Ne4 34. Re2 Nxd2+ 35. Rxd2 Rd8 36. Ke2 Kf8 37. Kd3 Ke7 38. d5 Kd6 39. Re2 Rd7 40. Kd4 Rc7 41. a4 Rc8 42. Re3 Rc7 43. Re8 h5 44. h4 Re7 45. Rd8+ 1/2-1/2

[Event "Ascona op 9th"]
[Site "Ascona"]
[Date "2014.04.05"]
[Round "3"]
[White "Brioschi, Camillo"]
[Black "Gervasoni, Pietro"]
[Result "1-0"]
[WhiteElo "1773"]
[BlackElo "1922"]
[PlyCount "81"]
[EventDate "2014.04.04"]
[EventType "swiss"]
[EventRounds "5"]
[EventCountry "SUI"]
[SourceTitle "CBM 160 Extra"]
[Source "ChessBase"]
[SourceDate "2014.07.01"]
[SourceVersion "1"]
[SourceVersionDate "2014.07.01"]
[SourceQuality "1"]

1. d4 Nf6 2. c4 e6 3. Nc3 Bb4 4. e3 b6 5. Nge2 Bb7 6. Ng3 0-0 7. Bd3 d5 8. 0-0 Nbd7 9. cxd5 Nxd5 10. Nxd5 exd5 11. e4 dxe4 12. Nxe4 Re8 13. Qg4 Bxe4 14. Bg5 Nf6 15. Bxf6 Qxf6 16. Bxe4 Rad8 17. Rfd1 g6 18. Qf3 Be7 19. Bc6 Qxf3 20. gxf3 Rf8 21. d5 Bf6 22. Rd2 Be5 23. Rad1 h5 24. Re2 Bd6 25. Re4 Kg7 26. a3 Rh8 27. h4 Rhf8 28. Rde1 f6 29. Kg2 g5 30. Kh3 f5 31. Re6 g4+ 32. Kg2 Rg8 33. Be8 gxf3+ 34. Kxf3 Bf8 35. R6e5 Bd6 36. R5e2 Bf8 37. Bc6 Kf7 38. Re5 Rh8 39. Rxf5+ Kg7 40. Be8 Bc5 41. Rg1+ 1-0

[Event "Lombardia-ch Seniors"]
[Site "Robecchetto"]
[Date "2013.12.30"]
[Round "6"]
[White "Maffeo, Mauro"]
[Black "Brioschi, Camillo"]
[Result "1-0"]
[WhiteElo "1713"]
[BlackElo "1793"]
[PlyCount "59"]
[EventDate "2013.12.27"]
[EventType "swiss"]
[EventRounds "6"]
[EventCountry "ITA"]
[SourceTitle "EXT 2017"]
[Source "ChessBase"]
[SourceDate "2016.10.25"]
[SourceVersion "1"]
[SourceVersionDate "2016.10.25"]
[SourceQuality "1"]

1. d4 Nf6 2. e3 g6 3. f4 b6 4. Nf3 Bb7 5. Bd3 Bg7 6. 0-0 0-0 7. Nbd2 c5 8. c3 d5 9. Ne5 Nbd7 10. Ndf3 Ne4 11. Nxd7 Qxd7 12. Bxe4 dxe4 13. Ne5 Qc7 14. Kh1 Rad8 15. Bd2 Ba6 16. Rg1 f6 17. Ng4 e5 18. Rc1 Rfe8 19. fxe5 fxe5 20. Qe1 Qd7 21. Qg3 exd4 22. cxd4 Qd6 23. Qh4 cxd4 24. exd4 Bxd4 25. Bf4 Qf8 26. Nh6+ Kh8 27. Rc7 Bf6 28. Bg5 Re6 29. Rf7 Qd6 30. Nf5 1-0

[Event "Lombardia-ch Seniors"]
[Site "Robecchetto"]
[Date "2013.12.29"]
[Round "4"]
[White "Brioschi, Camillo"]
[Black "Cillo, Angelo"]
[Result "0-1"]
[WhiteElo "1793"]
[BlackElo "1755"]
[PlyCount "50"]
[EventDate "2013.12.27"]
[EventType "swiss"]
[EventRounds "6"]
[EventCountry "ITA"]
[SourceTitle "EXT 2017"]
[Source "ChessBase"]
[SourceDate "2016.10.25"]
[SourceVersion "1"]
[SourceVersionDate "2016.10.25"]
[SourceQuality "1"]

1. d4 d5 2. c4 e6 3. Nc3 c6 4. cxd5 exd5 5. Nf3 Nf6 6. Bg5 Be7 7. Qc2 Be6 8. e3 Nbd7 9. Bd3 0-0 10. h3 Rc8 11. 0-0 Re8 12. Rac1 h6 13. Bf4 c5 14. Qe2 c4 15. Bb1 a6 16. e4 dxe4 17. Nxe4 Nf8 18. Nxf6+ Bxf6 19. Be5 Bd5 20. Rfe1 b5 21. Be4 Bxe4 22. Qxe4 Qa5 23. Qf5 b4 24. Bxf6 Rxe1+ 25. Rxe1 Qxf5 0-1

[Event "Gallarate Ricciardi op 17th"]
[Site "Gallarate"]
[Date "2013.06.11"]
[Round "3"]
[White "Brioschi, Camillo"]
[Black "Cunati, Valerio"]
[Result "1/2-1/2"]
[WhiteElo "1756"]
[BlackElo "1703"]
[PlyCount "52"]
[EventDate "2013.05.28"]
[EventType "swiss"]
[EventRounds "6"]
[EventCountry "ITA"]
[SourceTitle "EXT 2024"]
[Source "ChessBase"]
[SourceDate "2023.10.10"]
[SourceVersion "1"]
[SourceVersionDate "2023.10.10"]
[SourceQuality "1"]

1. d4 Nf6 2. c4 c6 3. g3 g6 4. Nc3 Bg7 5. Bg2 d6 6. Nf3 0-0 7. 0-0 Bg4 8. Bf4 Nbd7 9. Qd2 Re8 10. Rad1 Bxf3 11. Bxf3 e5 12. dxe5 dxe5 13. Bg5 Qb6 14. Ne4 Nxe4 15. Bxe4 Nf6 16. Bxf6 Bxf6 17. Qc2 Rad8 18. c5 Qc7 19. e3 Rxd1 20. Rxd1 Rd8 21. b4 Rxd1+ 22. Qxd1 Qd8 23. Qxd8+ Bxd8 24. b5 f5 25. Bd3 e4 26. Bc4+ Kg7 1/2-1/2

[Event "Grosseto op 2nd"]
[Site "Grosseto"]
[Date "2013.05.10"]
[Round "2"]
[White "Fierro Baquero, Martha Lorena"]
[Black "Brioschi, Camillo"]
[Result "1-0"]
[WhiteElo "2362"]
[BlackElo "1756"]
[PlyCount "64"]
[EventDate "2013.05.09"]
[EventType "swiss"]
[EventRounds "6"]
[EventCountry "ITA"]
[SourceTitle "CBM 154 Extra"]
[Source "ChessBase"]
[SourceDate "2013.06.25"]
[SourceVersion "2"]
[SourceVersionDate "2013.06.25"]
[SourceQuality "1"]

1. Nf3 Nf6 2. g3 b6 3. Bg2 Bb7 4. 0-0 e6 5. d3 d5 6. Nbd2 Nbd7 7. e4 dxe4 8. Ng5 Be7 9. Ngxe4 Qc8 10. b3 0-0 11. Bb2 Rb8 12. Qe2 Qd8 13. Rfe1 Nxe4 14. Nxe4 Nf6 15. Rad1 Nxe4 16. dxe4 Qc8 17. Qg4 g6 18. h4 Rd8 19. h5 Rxd1 20. Rxd1 g5 21. h6 Qe8 22. Be5 Qc6 23. c4 f5 24. Qe2 Rd8 25. Rxd8+ Bxd8 26. Qd2 Be7 27. Bb2 e5 28. Bxe5 fxe4 29. Qe3 Kf7 30. Bc3 Qe6 31. Bg7 c5 32. Qe2 Bf6 1-0

[Event "ITA-ch Seniors 35th"]
[Site "Arco"]
[Date "2013.04.12"]
[Round "1"]
[White "Brioschi, Camillo"]
[Black "Bonfa, Ileano"]
[Result "1/2-1/2"]
[WhiteElo "1793"]
[BlackElo "2171"]
[PlyCount "41"]
[EventDate "2013.04.12"]
[EventType "swiss"]
[EventRounds "9"]
[EventCountry "ITA"]
[SourceTitle "CBM 154 Extra"]
[Source "ChessBase"]
[SourceDate "2013.06.25"]
[SourceVersion "2"]
[SourceVersionDate "2013.06.25"]
[SourceQuality "1"]

1. d4 Nf6 2. c4 g6 3. Nc3 d5 4. Bf4 Bg7 5. e3 0-0 6. Rc1 c6 7. Nf3 dxc4 8. Bxc4 Nbd7 9. h3 Nb6 10. Bb3 Nbd5 11. Bh2 Nxc3 12. bxc3 Bf5 13. Nd2 Ne4 14. Nxe4 Bxe4 15. f3 Bd5 16. c4 Qa5+ 17. Qd2 Qxd2+ 18. Kxd2 Be6 19. Rhd1 Rad8 20. Ke2 Bc8 21. Kf2 1/2-1/2